Introducción a la investigación de mercados : un enfoque para América Latina / Marcela Benassini (Registro nro. 16219)
[ vista simple ]
| 000 -LÍDER | |
|---|---|
| fixed length control field | 00531nam a2200157 4500 |
| 008 - ELEMENTOS DE LONGITUD FIJA -- INFORMACIÓN GENERAL | |
| fixed length control field | 0 2001 0a 000 0MEX |
| 020 ## - NÚMERO INTERNACIONAL NORMALIZADO PARA LIBROS | |
| ISBN | 970-26-0091-X |
| 050 ## - SIGNATURA TOPOGRAFICA DE LA BIBLIOTECA DEL CONGRESO (LC) | |
| Número de Clasificación | HF5473.A2 B46 2001 |
| 082 ## - NUMERO DE CLASIFICACION DECIMAL DEWEY | |
| Número de Clasificación | 658.83 B212i |
| 100 ## - ASIENTO PRINCIPAL--NOMBRE PERSONAL | |
| Nombre personal | Benassini, Marcela |
| 245 ## - TÍTULO | |
| Título | Introducción a la investigación de mercados : un enfoque para América Latina / Marcela Benassini |
| 260 ## - PUBLICACIÓN, DISTRIBUCIÓN, ETC. (PIE DE IMPRENTA) | |
| Lugar de publicación, distribución, etc. | México : Pearson Educación |
| 300 ## - DESCRIPCIÓN FÍSICA | |
| Extensión | xiv, 240 p. / 22 cm. |
| 500 ## - NOTA GENERAL | |
| Nota general | Incluye CD-Rom |
| 650 ## - ASIENTO SECUNDARIO DE MATERIA - TERMINO TEMÁTICO | |
| Término temático o nombre geográfico como elemento de entrada | 1.INVESTIGACION DE MERCADOS-AMERICA LATINA |
| No. biblioteca | No. biblioteca | Número de clasificación | Código de barras/Número de adquisición | Número de copia | Tipo de material |
|---|---|---|---|---|---|
| LUIS G. INCLAN | LUIS G. INCLAN | 658.83 B212i | 42670 | 1 | Libros |
